000 00442cam a2200181ua 4500
020 _cRs 2.75
041 _amal
_h
082 _a894.812 308
_bMAD/NA
100 _aMadhavan Nair, Evoor .
245 _aNadiyethedi /
_cEvoor Madhavan Nair.
_hTextual Documents
250 _a1 /
_b.
260 _aTiruvalla :
_bSouthern book stall.
300 _a215 ; .
365 _aRs 2.75
504 _a
942 _cBK
999 _c4105
_d4105